[Event "DEM U14w 2006"]
[Site "Willingen GER"]
[Date "2006.06.05"]
[Round "3"]
[White "Smolkina, Milana"]
[Black "Blübaum, Johanna"]
[Result "1/2-1/2"]
[Termination "normal"]
[Board "1"]
[WhiteElo "1822"]
[BlackElo "1707"]
[PlyCount "76"]
[WhiteFideId "24618780"]
[BlackFideId "24647373"]
[EventCountry "GER"]
[EventRounds "9"]
[EventType "swiss"]
[EventDate "2006.06.03"]

1. e4 e6 2. d4 d5 3. e5 c5 4. c3 Nc6 5. Nf3 Bd7 6. Be2 Nge7 7. Na3 cxd4 8. cxd4
Nf5 9. Nc2 Qb6 10. g4 Nfe7 11. b3 Nb4 12. Bb2 Nxc2+ 13. Qxc2 Bb5 14. O-O Rc8
15. Qd2 Bxe2 16. Qxe2 Nc6 17. Rac1 Be7 18. Kh1 Kd7 19. Qe3 Qd8 20. Nd2 h5 21.
Rg1 g6 22. g5 Qf8 23. h4 Bb4 24. Nb1 Ne7 25. a3 Ba5 26. b4 Bc7 27. Nd2 Nf5 28.
Qf4 Qe7 29. Nb3 b6 30. b5 Bb8 31. Rxc8 Rxc8 32. Rc1 Qe8 33. Kh2 Rxc1 34. Qxc1
Qc8 35. Qxc8+ Kxc8 36. Kh3 Bc7 37. a4 Kb7 38. Ba3 Bd8 1/2-1/2

[Event "DEM U14w 2006"]
[Site "Willingen GER"]
[Date "2006.06.05"]
[Round "3"]
[White "Endress, Anna"]
[Black "Müller, Anna-Louise"]
[Result "1-0"]
[Termination "normal"]
[Board "2"]
[WhiteElo "1949"]
[BlackElo "1432"]
[PlyCount "49"]
[WhiteFideId "24629472"]
[BlackFideId "4633512"]
[EventCountry "GER"]
[EventRounds "9"]
[EventType "swiss"]
[EventDate "2006.06.03"]

1. e4 c5 2. Nf3 d6 3. d4 cxd4 4. Nxd4 Nf6 5. Nc3 g6 6. Be3 Bg7 7. f3 O-O 8. Qd2
Nc6 9. Bc4 Bd7 10. O-O-O Rc8 11. Bb3 Ne5 12. Kb1 Nc4 13. Bxc4 Rxc4 14. g4 b5
15. b3 Rc8 16. h4 b4 17. Nd5 Nxd5 18. exd5 Qa5 19. Bh6 Rc5 20. Bxg7 Kxg7 21. h5
Rh8 22. hxg6 fxg6 23. Rde1 Kf7 24. Qf4+ Ke8 25. Qf6 1-0

[Event "DEM U14w 2006"]
[Site "Willingen GER"]
[Date "2006.06.05"]
[Round "3"]
[White "Penne, Bo"]
[Black "Becher, Anne"]
[Result "1/2-1/2"]
[Termination "normal"]
[Board "3"]
[WhiteElo "1867"]
[BlackElo "1555"]
[PlyCount "72"]
[WhiteFideId "24642193"]
[EventCountry "GER"]
[EventRounds "9"]
[EventType "swiss"]
[EventDate "2006.06.03"]

1. e4 c6 2. d4 d5 3. exd5 cxd5 4. Bd3 Nc6 5. c3 Nf6 6. h3 g6 7. Nf3 Bg7 8. Bg5
O-O 9. Nbd2 Qc7 10. O-O Re8 11. Re1 b6 12. Qe2 Bb7 13. Qe3 a6 14. a4 Nd7 15.
Bf4 Qc8 16. Bh2 Na5 17. Ne5 Nxe5 18. Bxe5 Nc4 19. Nxc4 dxc4 20. Be4 Bxe5 21.
Bxb7 Bh2+ 22. Kxh2 Qxb7 23. Kg1 Rad8 24. Qf4 Qc6 25. Re3 Qd6 26. Qe4 Qd5 27.
Rae1 Qxe4 28. Rxe4 e6 29. Re5 Kf8 30. f3 Rd5 31. Kf2 Red8 32. Rxd5 Rxd5 33. Re5
Ke7 34. Ke3 f6 35. Rxd5 exd5 36. h4 Ke6 1/2-1/2

[Event "DEM U14w 2006"]
[Site "Willingen GER"]
[Date "2006.06.05"]
[Round "3"]
[White "Hohmann, Louisa"]
[Black "Bochis, Julia"]
[Result "1/2-1/2"]
[Termination "normal"]
[Board "4"]
[WhiteElo "1662"]
[BlackElo "1828"]
[PlyCount "75"]
[BlackFideId "24647276"]
[EventCountry "GER"]
[EventRounds "9"]
[EventType "swiss"]
[EventDate "2006.06.03"]

1. e4 d5 2. exd5 Qxd5 3. Nc3 Qd6 4. d4 Nf6 5. Nf3 a6 6. g3 Bg4 7. Bg2 Nc6 8.
Bf4 Qd7 9. O-O e6 10. Re1 Be7 11. Ne2 Rd8 12. c3 O-O 13. Qc2 Bd6 14. Rad1 Bxf3
15. Bxf3 b5 16. b3 Ne7 17. c4 Ng6 18. Be3 c6 19. Nc3 Bb4 20. Qb2 Qd6 21. c5 Qd7
22. a3 Ba5 23. b4 Bc7 24. a4 Nd5 25. Nxd5 exd5 26. axb5 axb5 27. Ra1 Ra8 28.
Ra3 Qc8 29. Rea1 Qb7 30. Qa2 Rxa3 31. Qxa3 Rb8 32. Qa6 Ne7 33. Bg4 f5 34. Bf3
h6 35. h4 Kh7 36. Be2 g6 37. h5 g5 38. Bd3 1/2-1/2

[Event "DEM U14w 2006"]
[Site "Willingen GER"]
[Date "2006.06.05"]
[Round "3"]
[White "Mijatovic, Andrea"]
[Black "Mertens, Pauline"]
[Result "1-0"]
[Termination "normal"]
[Board "5"]
[WhiteElo "1913"]
[BlackElo "1658"]
[PlyCount "123"]
[WhiteFideId "14514524"]
[BlackFideId "24671959"]
[EventCountry "GER"]
[EventRounds "9"]
[EventType "swiss"]
[EventDate "2006.06.03"]

1. e4 c5 2. Nf3 d6 3. d4 cxd4 4. Nxd4 Nf6 5. Nc3 a6 6. Be3 e6 7. Be2 Nbd7 8. f4
b5 9. Bf3 Bb7 10. a3 Qc7 11. Nb3 Rc8 12. Qd2 Qb8 13. Na5 Ba8 14. O-O-O Be7 15.
g4 h6 16. h4 Rxc3 17. Qxc3 Bxe4 18. Bxe4 Nxe4 19. Qc6 d5 20. Qxa6 Bc5 21. Bd2
O-O 22. Rhf1 Rc8 23. Qb7 Qxb7 24. Nxb7 Bb6 25. Bb4 Ndc5 26. Nxc5 Nxc5 27. f5
Ne4 28. Rde1 Bc5 29. Bxc5 Rxc5 30. fxe6 fxe6 31. Rf3 Rc7 32. Rxe4 dxe4 33. Re3
Re7 34. Rxe4 e5 35. Kd2 Kf7 36. Ke3 Ke6 37. Rb4 Rc7 38. c3 Rc5 39. a4 bxa4 40.
Rxa4 Kd5 41. c4+ Kd6 42. Ra6+ Ke7 43. b3 Kf7 44. h5 Ke7 45. Ke4 Kf7 46. Rb6 Ra5
47. Rb5 Ra1 48. Rxe5 Re1+ 49. Kd5 Rd1+ 50. Kc5 Rg1 51. Re4 g6 52. hxg6+ Kxg6
53. b4 h5 54. gxh5+ Kxh5 55. Re5+ Kg6 56. b5 Kf6 57. Rd5 Rb1 58. Kc6 Ke6 59. b6
Rb2 60. b7 Rc2 61. c5 Rb2 62. Rd8 1-0

[Event "DEM U14w 2006"]
[Site "Willingen GER"]
[Date "2006.06.05"]
[Round "3"]
[White "Lingl, Xenia"]
[Black "Frey, Alisa"]
[Result "0-1"]
[Termination "normal"]
[Board "6"]
[WhiteElo "1483"]
[BlackElo "1877"]
[PlyCount "76"]
[BlackFideId "24634662"]
[EventCountry "GER"]
[EventRounds "9"]
[EventType "swiss"]
[EventDate "2006.06.03"]

1. e4 e5 2. Nf3 Nc6 3. Bc4 Nf6 4. d3 Bc5 5. c3 d6 6. O-O O-O 7. Nbd2 a6 8. Bb3
Ba7 9. Re1 Ng4 10. Rf1 Kh8 11. h3 Nh6 12. Nc4 Ng8 13. Bg5 f6 14. Be3 f5 15.
Bxa7 Rxa7 16. Ncd2 Nf6 17. Re1 Ra8 18. Nf1 Nh5 19. Ne3 Nf4 20. Nd5 Nxd5 21.
Bxd5 Ne7 22. Bb3 Ng6 23. Qc2 fxe4 24. Rxe4 Bxh3 25. Kh2 Bf5 26. Re3 Qf6 27. Rh1
Nf4 28. Kg1 Rae8 29. Nh4 Bxd3 30. Qd1 Bf5 31. Rf3 Bg4 32. g3 Bxf3 33. Qxf3 Ng6
34. Nxg6+ Qxg6 35. Qxb7 Qf5 36. Qg2 Qb1+ 37. Kh2 Qxb2 38. Rf1 Qxc3 0-1

[Event "DEM U14w 2006"]
[Site "Willingen GER"]
[Date "2006.06.05"]
[Round "3"]
[White "Stitterich, Nadine"]
[Black "Dorn, Carina"]
[Result "1-0"]
[Termination "normal"]
[Board "7"]
[WhiteElo "1470"]
[BlackElo "1588"]
[PlyCount "91"]
[WhiteFideId "24676527"]
[BlackFideId "24666335"]
[EventCountry "GER"]
[EventRounds "9"]
[EventType "swiss"]
[EventDate "2006.06.03"]

1. e4 e6 2. d4 d5 3. Nc3 Bb4 4. exd5 exd5 5. Bd3 Nc6 6. Nge2 Nge7 7. O-O Bf5 8.
Bf4 Bxc3 9. bxc3 Qd7 10. Bg3 O-O-O 11. Rb1 Bxd3 12. cxd3 f6 13. Re1 Nf5 14. Nf4
Nxg3 15. fxg3 Rhe8 16. Rxe8 Qxe8 17. Qb3 b6 18. Qb5 Qd7 19. Qa6+ Kb8 20. a4 Na5
21. Qxa5 g5 22. Nh3 Qe6 23. Qb5 Re8 24. Rf1 c6 25. Qb1 Qe3+ 26. Nf2 f5 27. Qc1
Qe7 28. Nh3 g4 29. Nf4 h6 30. Ng6 Qh7 31. Qf4+ Kb7 32. Qxf5 Rg8 33. Qf7+ Qxf7
34. Rxf7+ Ka6 35. Ne5 c5 36. Nc6 Ra8 37. dxc5 bxc5 38. Rf6 Rh8 39. Nb4+ Kb7 40.
Nxd5 h5 41. c4 Rh7 42. Re6 Rh8 43. a5 Rf8 44. a6+ Kb8 45. Re7 Rd8 46. Rb7+ 1-0

[Event "DEM U14w 2006"]
[Site "Willingen GER"]
[Date "2006.06.05"]
[Round "3"]
[White "Schultheiß, Vera"]
[Black "Kohm, Vanessa"]
[Result "1-0"]
[Termination "normal"]
[Board "8"]
[WhiteElo "1370"]
[BlackElo "1562"]
[PlyCount "63"]
[BlackFideId "4674472"]
[EventCountry "GER"]
[EventRounds "9"]
[EventType "swiss"]
[EventDate "2006.06.03"]

1. e4 c5 2. Nf3 Nc6 3. d4 cxd4 4. Nxd4 a6 5. Nc3 e6 6. Be3 Bb4 7. Qd2 Nge7 8.
a3 Ba5 9. Nxc6 bxc6 10. Bd3 d5 11. exd5 cxd5 12. Be2 Nf5 13. Rd1 Bb7 14. b4 Bc7
15. g4 d4 16. gxf5 Bxh1 17. Bxd4 O-O 18. f6 e5 19. fxg7 Kxg7 20. Bc5 Rg8 21.
Qe3 Qh4 22. Rd7 Bd8 23. Qxe5+ Bf6 24. Qe3 Rae8 25. Qd3 Kh8 26. Rxf7 Rg1+ 27.
Kd2 Qf4+ 28. Be3 Bxc3+ 29. Qxc3+ Qe5 30. Qxe5+ Rxe5 31. Bd4 Kg8 32. Bxe5 1-0

[Event "DEM U14w 2006"]
[Site "Willingen GER"]
[Date "2006.06.05"]
[Round "3"]
[White "Garny, Annica"]
[Black "Nguyen Minh, Thuy"]
[Result "1-0"]
[Termination "normal"]
[Board "9"]
[WhiteElo "1195"]
[BlackElo "1527"]
[PlyCount "79"]
[WhiteFideId "24600660"]
[BlackFideId "24672688"]
[EventCountry "GER"]
[EventRounds "9"]
[EventType "swiss"]
[EventDate "2006.06.03"]

1. e4 c5 2. Nf3 Nc6 3. d4 cxd4 4. Nxd4 g6 5. c4 Bg7 6. Be3 Nf6 7. Nc3 O-O 8.
Be2 d6 9. O-O Bd7 10. f3 a6 11. Qd2 Re8 12. Nxc6 Bxc6 13. Bh6 Bh8 14. Rab1 Rc8
15. Rfc1 b6 16. Kh1 Bb7 17. Be3 h5 18. Nd5 Nd7 19. Bd4 e5 20. Be3 a5 21. b4
axb4 22. Qxb4 Bxd5 23. exd5 e4 24. f4 Qc7 25. Bxb6 Rb8 26. Qa5 Ra8 27. Qd2 e3
28. Qc2 Ra6 29. c5 Ra3 30. c6 Nxb6 31. Rxb6 Rea8 32. Rb7 Qd8 33. c7 Rc3 34. Qb1
Rxc1+ 35. Qxc1 Kh7 36. h3 Qc8 37. Ba6 Qe8 38. Qc6 e2 39. Qxe8 Rxe8 40. Bxe2 1-0

[Event "DEM U14w 2006"]
[Site "Willingen GER"]
[Date "2006.06.05"]
[Round "3"]
[White "Wisheckel, Lena"]
[Black "Falke, Cynthia"]
[Result "1-0"]
[Termination "normal"]
[Board "10"]
[WhiteElo "1545"]
[BlackElo "1307"]
[PlyCount "59"]
[WhiteFideId "24691992"]
[BlackFideId "24600644"]
[EventCountry "GER"]
[EventRounds "9"]
[EventType "swiss"]
[EventDate "2006.06.03"]

1. e4 e5 2. Nf3 Nc6 3. Bc4 Bc5 4. d3 d6 5. Be3 Bb6 6. Nbd2 Nf6 7. O-O Bg4 8. c3
O-O 9. b4 Re8 10. a4 d5 11. exd5 Nxd5 12. Bxb6 axb6 13. Qb3 Be6 14. Rfe1 f6 15.
Nf1 Qd7 16. Rad1 Nf4 17. b5 Na5 18. Bxe6+ Rxe6 19. Qa2 Kh8 20. d4 Rd6 21. Rd2
Qg4 22. Ne3 Qg6 23. dxe5 Re6 24. Rd4 fxe5 25. Nxe5 Rxe5 26. Rxf4 Re4 27. Rxe4
Qxe4 28. Qf7 Qxa4 29. Nf5 Rg8 30. Nh6 1-0

[Event "DEM U14w 2006"]
[Site "Willingen GER"]
[Date "2006.06.05"]
[Round "3"]
[White "Voss, Chantal"]
[Black "Micklich, Rahel"]
[Result "1-0"]
[Termination "normal"]
[Board "11"]
[WhiteElo "1718"]
[BlackElo "1785"]
[PlyCount "87"]
[WhiteFideId "4664906"]
[BlackFideId "24639184"]
[EventCountry "GER"]
[EventRounds "9"]
[EventType "swiss"]
[EventDate "2006.06.03"]

1. d4 Nf6 2. c4 e6 3. Nc3 Bb4 4. Bg5 c5 5. Nf3 Bxc3+ 6. bxc3 d5 7. cxd5 Qxd5 8.
Qc2 Nbd7 9. e3 O-O 10. c4 Qc6 11. Bd3 h6 12. Bh4 b6 13. Rd1 Bb7 14. O-O g5 15.
Bg3 Nh5 16. d5 exd5 17. cxd5 Qf6 18. Bf5 Rad8 19. e4 Nf4 20. h4 Kg7 21. Rfe1
Ne5 22. Nxe5 Qxe5 23. a4 Rg8 24. Bxf4 gxf4 25. a5 Kh8 26. Qd3 Qg7 27. Qf3 b5
28. Kh2 Qe5 29. Rg1 Rg7 30. Qh5 Qf6 31. Rde1 Bxd5 32. exd5 Rxd5 33. Re8+ Rg8
34. Rxg8+ Kxg8 35. Qg4+ Kh8 36. Be4 Rd4 37. Bf3 Ra4 38. Re1 Qd8 39. Qh5 Qf8 40.
Qe5+ Kg8 41. Qc7 Ra2 42. Kg1 b4 43. Rd1 Kg7 44. Rd8 1-0

[Event "DEM U14w 2006"]
[Site "Willingen GER"]
[Date "2006.06.05"]
[Round "3"]
[White "Sonnhalter, Stella"]
[Black "Rummer, Bärbel"]
[Result "1/2-1/2"]
[Termination "normal"]
[Board "12"]
[WhiteElo "1511"]
[BlackElo "1312"]
[PlyCount "32"]
[WhiteFideId "4624815"]
[BlackFideId "12900109"]
[EventCountry "GER"]
[EventRounds "9"]
[EventType "swiss"]
[EventDate "2006.06.03"]

1. e4 e5 2. Nf3 Nc6 3. Bc4 Bc5 4. c3 Nf6 5. d3 a5 6. Nbd2 d6 7. Nf1 Bg4 8. h3
Bh5 9. g4 Bg6 10. Ng3 h6 11. Nf5 Bxf5 12. gxf5 Qd7 13. a3 Rg8 14. O-O Bb6 15.
Bd2 Nd8 16. Bb3 h5 1/2-1/2

[Event "DEM U14w 2006"]
[Site "Willingen GER"]
[Date "2006.06.05"]
[Round "3"]
[White "Schöbel, Ulrike"]
[Black "Kinzel, Tiffany"]
[Result "1/2-1/2"]
[Termination "normal"]
[Board "13"]
[WhiteElo "1064"]
[BlackElo "1385"]
[PlyCount "107"]
[BlackFideId "4633741"]
[EventCountry "GER"]
[EventRounds "9"]
[EventType "swiss"]
[EventDate "2006.06.03"]

1. d4 Nf6 2. e3 d6 3. Nf3 g6 4. Bd3 Bg7 5. Nbd2 Nbd7 6. O-O O-O 7. Re1 c6 8.
Qe2 Re8 9. e4 e5 10. c3 Qc7 11. dxe5 dxe5 12. Nb3 Nf8 13. Bg5 Ne6 14. Rad1 Bd7
15. Bc2 Rad8 16. Qe3 b6 17. Bxf6 Bxf6 18. Qh6 Bg7 19. Qh4 Bc8 20. Rd2 c5 21.
Red1 c4 22. Nc1 Rxd2 23. Rxd2 Bb7 24. Ng5 Nxg5 25. Qxg5 f6 26. Qg4 Bc8 27. Qd1
Bh6 28. Ba4 Rf8 29. Re2 Rd8 30. Qc2 Qd6 31. h3 a6 32. Qb1 f5 33. f3 Qc5+ 34.
Kh1 Rd2 35. Rxd2 Bxd2 36. Ne2 fxe4 37. Qxe4 b5 38. Bc2 Be3 39. Kh2 Bf5 40. Qa8+
Qc8 41. Qxc8+ Bxc8 42. Be4 Kf7 43. g4 Kf6 44. h4 h6 45. Kg3 g5 46. h5 Ke7 47.
Kg2 Kd6 48. Kf1 a5 49. Ke1 Kc5 50. Kd1 b4 51. Kc2 Bd7 52. cxb4+ axb4 53. b3
cxb3+ 54. axb3 1/2-1/2

[Event "DEM U14w 2006"]
[Site "Willingen GER"]
[Date "2006.06.06"]
[Round "4"]
[White "Blübaum, Johanna"]
[Black "Endress, Anna"]
[Result "0-1"]
[Termination "normal"]
[Board "1"]
[WhiteElo "1707"]
[BlackElo "1949"]
[PlyCount "110"]
[WhiteFideId "24647373"]
[BlackFideId "24629472"]
[EventCountry "GER"]
[EventRounds "9"]
[EventType "swiss"]
[EventDate "2006.06.03"]

1. d4 d5 2. c4 e6 3. Nc3 Be7 4. Nf3 Nf6 5. Bf4 O-O 6. e3 b6 7. Bd3 Bb7 8. O-O
c5 9. cxd5 Nxd5 10. Nxd5 Bxd5 11. e4 Bb7 12. Bc2 cxd4 13. Nxd4 Nd7 14. Bg3 Nf6
15. f3 Rc8 16. Rc1 Ba6 17. Re1 Bb4 18. Bf2 Bxe1 19. Qxe1 Qe7 20. e5 Nd5 21. Qe4
g6 22. Rd1 Qg5 23. g3 Qe7 24. h4 Nb4 25. Bb1 Bc4 26. b3 Ba6 27. Kg2 Nd5 28. Be1
Nc3 29. Bxc3 Rxc3 30. h5 Bb7 31. Qg4 Bd5 32. Rh1 Rfc8 33. Qf4 g5 34. Qd2 h6 35.
Rf1 Qc5 36. Ne2 Rxf3 37. Rxf3 g4 38. Nd4 Bxf3+ 39. Nxf3 gxf3+ 40. Kxf3 Qc3+ 41.
Qxc3 Rxc3+ 42. Kf4 b5 43. g4 a6 44. g5 hxg5+ 45. Kxg5 Rc1 46. Bd3 Ra1 47. Kf6
Rxa2 48. h6 Rf2+ 49. Ke7 Rf3 50. h7+ Kg7 51. Be4 Rxb3 52. h8=Q+ Kxh8 53. Kxf7
Re3 54. Bb7 Rxe5 55. Bxa6 b4 0-1

[Event "DEM U14w 2006"]
[Site "Willingen GER"]
[Date "2006.06.06"]
[Round "4"]
[White "Mijatovic, Andrea"]
[Black "Smolkina, Milana"]
[Result "0-1"]
[Termination "normal"]
[Board "2"]
[WhiteElo "1913"]
[BlackElo "1822"]
[PlyCount "42"]
[WhiteFideId "14514524"]
[BlackFideId "24618780"]
[EventCountry "GER"]
[EventRounds "9"]
[EventType "swiss"]
[EventDate "2006.06.03"]

1. e4 c5 2. Nf3 d6 3. d4 cxd4 4. Nxd4 Nf6 5. Nc3 g6 6. Be3 Bg7 7. f3 O-O 8. Qd2
Nc6 9. Bc4 Bd7 10. O-O-O Rb8 11. h4 b5 12. Bb3 Na5 13. Nd5 Nxd5 14. exd5 Nc4
15. Bxc4 bxc4 16. Bh6 c3 17. bxc3 Qa5 18. Qe3 Bxh6 19. Qxh6 Qxc3 20. Nb3 Rxb3
21. axb3 Bf5 0-1

[Event "DEM U14w 2006"]
[Site "Willingen GER"]
[Date "2006.06.06"]
[Round "4"]
[White "Frey, Alisa"]
[Black "Schultheiß, Vera"]
[Result "1-0"]
[Termination "normal"]
[Board "3"]
[WhiteElo "1877"]
[BlackElo "1370"]
[PlyCount "61"]
[WhiteFideId "24634662"]
[EventCountry "GER"]
[EventRounds "9"]
[EventType "swiss"]
[EventDate "2006.06.03"]

1. e4 e5 2. f4 d6 3. Nf3 Bg4 4. h3 Bxf3 5. Qxf3 Nc6 6. Bb5 Nge7 7. O-O f6 8.
Nc3 a6 9. Ba4 b5 10. Bb3 Nd4 11. Qh5+ g6 12. Qh4 Bg7 13. d3 c6 14. Be3 b4 15.
Bxd4 exd4 16. Ne2 c5 17. Ba4+ Kf7 18. Bb3+ Ke8 19. Be6 Nc6 20. Qg4 Qe7 21. Bd5
Qc7 22. e5 f5 23. Qf3 Rc8 24. exd6 Qxd6 25. Rae1 Kd8 26. Nc1 Ne7 27. Bc4 a5 28.
Re6 Qc7 29. Rfe1 Re8 30. Bb5 Bf8 31. Qd5+ 1-0

[Event "DEM U14w 2006"]
[Site "Willingen GER"]
[Date "2006.06.06"]
[Round "4"]
[White "Stitterich, Nadine"]
[Black "Penne, Bo"]
[Result "0-1"]
[Termination "normal"]
[Board "4"]
[WhiteElo "1470"]
[BlackElo "1867"]
[PlyCount "102"]
[WhiteFideId "24676527"]
[BlackFideId "24642193"]
[EventCountry "GER"]
[EventRounds "9"]
[EventType "swiss"]
[EventDate "2006.06.03"]

1. e4 c6 2. d4 d5 3. Nc3 dxe4 4. Nxe4 Bf5 5. Ng3 Bg6 6. Nf3 Nd7 7. Bd3 Bxd3 8.
Qxd3 Qc7 9. Be3 Ngf6 10. O-O e6 11. c4 Be7 12. Rac1 O-O 13. d5 cxd5 14. cxd5
Qd6 15. Rfd1 Qxd5 16. Qc3 Qb5 17. Nd4 Qa6 18. a3 Nd5 19. Qd2 Nxe3 20. Qxe3 Bc5
21. Qg5 h6 22. Qh5 Qb6 23. Nge2 Rac8 24. Rb1 Nf6 25. Qf3 Rfd8 26. Qf4 Rd5 27.
Qh4 Rcd8 28. Qg3 Bxd4 29. Nxd4 Rxd4 30. Re1 Rd3 31. Qe5 Qb3 32. h3 Qd5 33. Qc7
Qd7 34. Qa5 b6 35. Qb4 Qd4 36. Qe7 Rd7 37. Qb4 Qxb4 38. axb4 Rb3 39. Re2 Rxb4
40. Ra1 a5 41. Ra2 Kf8 42. Rc2 Ke7 43. Rc6 Ne4 44. f3 Rd1+ 45. Kh2 Nc5 46. Rc7+
Rd7 47. Rc8 Nd3 48. Rc2 Rb5 49. Rd2 Nb4 50. Rxd7+ Kxd7 51. Ra1 Nd3 0-1

[Event "DEM U14w 2006"]
[Site "Willingen GER"]
[Date "2006.06.06"]
[Round "4"]
[White "Bochis, Julia"]
[Black "Garny, Annica"]
[Result "1-0"]
[Termination "normal"]
[Board "5"]
[WhiteElo "1828"]
[BlackElo "1195"]
[PlyCount "61"]
[WhiteFideId "24647276"]
[BlackFideId "24600660"]
[EventCountry "GER"]
[EventRounds "9"]
[EventType "swiss"]
[EventDate "2006.06.03"]

1. Nf3 Nf6 2. c4 g6 3. b4 Bg7 4. Bb2 O-O 5. e3 c6 6. d3 d5 7. Nc3 Nbd7 8. Be2
e5 9. cxd5 Nxd5 10. Nxd5 cxd5 11. Qb3 e4 12. Bxg7 Kxg7 13. dxe4 dxe4 14. Nd4
Qg5 15. O-O Nf6 16. Kh1 Bd7 17. Rac1 Rac8 18. Qa3 a6 19. Nb3 Ng4 20. Nc5 Bc6
21. h3 Qh4 22. Bxg4 Rce8 23. Bd7 Bxd7 24. Nxd7 Rh8 25. Qb2+ Kh6 26. Nf6 Rd8 27.
Ng4+ Kh5 28. Rc5+ f5 29. Qg7 Kg5 30. Rxf5+ Kxf5 31. Qe5# 1-0

[Event "DEM U14w 2006"]
[Site "Willingen GER"]
[Date "2006.06.06"]
[Round "4"]
[White "Becher, Anne"]
[Black "Hohmann, Louisa"]
[Result "0-1"]
[Termination "normal"]
[Board "6"]
[WhiteElo "1555"]
[BlackElo "1662"]
[PlyCount "52"]
[EventCountry "GER"]
[EventRounds "9"]
[EventType "swiss"]
[EventDate "2006.06.03"]

1. d4 d5 2. c4 e6 3. g3 Nf6 4. Bg2 Be7 5. Nf3 O-O 6. O-O Nbd7 7. Bf4 c5 8. e3
Nb6 9. Nbd2 Nh5 10. Rc1 Nxf4 11. exf4 cxd4 12. Nxd4 Bf6 13. N4f3 Bxb2 14. Rc2
Bf6 15. cxd5 Nxd5 16. Ne4 Bd7 17. Qb1 Bc6 18. Rd1 Ba4 19. Rdc1 Bxc2 20. Rxc2 b6
21. Bf1 Rc8 22. Rd2 Qc7 23. Rd1 Be7 24. Ne5 f5 25. Ng5 Bxg5 26. fxg5 Qxe5 0-1

[Event "DEM U14w 2006"]
[Site "Willingen GER"]
[Date "2006.06.06"]
[Round "4"]
[White "Müller, Anna-Louise"]
[Black "Kohm, Vanessa"]
[Result "1-0"]
[Termination "normal"]
[Board "8"]
[WhiteElo "1432"]
[BlackElo "1562"]
[PlyCount "97"]
[WhiteFideId "4633512"]
[BlackFideId "4674472"]
[EventCountry "GER"]
[EventRounds "9"]
[EventType "swiss"]
[EventDate "2006.06.03"]

1. Nf3 d5 2. g3 Nf6 3. Bg2 c5 4. O-O Nc6 5. d3 e6 6. Nbd2 Be7 7. e4 d4 8. Nc4
b5 9. Nce5 Bb7 10. Bf4 O-O 11. c3 Qb6 12. Nxc6 Bxc6 13. Ne5 Bb7 14. cxd4 cxd4
15. Rc1 Rfc8 16. Qb3 Nh5 17. Bd2 a6 18. Nc4 Qd8 19. Na5 Ra7 20. Rxc8 Bxc8 21.
Nc6 Qd7 22. Nxa7 Qxa7 23. Rc1 Bd7 24. Ba5 Bd6 25. Qc2 Nf6 26. Bc7 Be7 27. e5
Ne8 28. Ba5 f6 29. Bc6 Bxc6 30. Qxc6 Kf7 31. exf6 gxf6 32. Bb6 Qb8 33. Bxd4 Qd8
34. Qe4 f5 35. Qe3 Qd5 36. a3 Bd6 37. Bc5 Be5 38. d4 Bg7 39. Qg5 Nf6 40. Be7
Ne4 41. Qh4 Qxd4 42. Rf1 Qxb2 43. Bb4 Kg6 44. Qe7 Ng5 45. h4 Nf3+ 46. Kg2 Nd4
47. Qe8+ Kh6 48. Qe7 Nf3 49. Kxf3 1-0

[Event "DEM U14w 2006"]
[Site "Willingen GER"]
[Date "2006.06.06"]
[Round "4"]
[White "Dorn, Carina"]
[Black "Lingl, Xenia"]
[Result "1-0"]
[Termination "normal"]
[Board "10"]
[WhiteElo "1588"]
[BlackElo "1483"]
[PlyCount "75"]
[WhiteFideId "24666335"]
[EventCountry "GER"]
[EventRounds "9"]
[EventType "swiss"]
[EventDate "2006.06.03"]

1. d4 d5 2. c4 e6 3. Nc3 c6 4. Nf3 f5 5. Bf4 Nf6 6. e3 Be7 7. Bd3 O-O 8. O-O
Ne4 9. Qc2 Nd7 10. Rab1 g5 11. Be5 g4 12. Nd2 Nxe5 13. dxe5 Qe8 14. b4 Qh5 15.
Be2 Qg5 16. b5 Bd7 17. Rfd1 Nxc3 18. Qxc3 h5 19. Nb3 Rf7 20. cxd5 exd5 21. Nc5
Bxc5 22. Qxc5 Rh7 23. bxc6 Bxc6 24. Bb5 Qg6 25. Rbc1 Rc8 26. Bxc6 bxc6 27. Rxd5
Rb8 28. Rd6 Qg5 29. Qc4+ Kh8 30. Rxc6 g3 31. hxg3 h4 32. Rc8+ Rxc8 33. Qxc8+
Kg7 34. Rc7+ Kh6 35. Qe6+ Qg6 36. Qxg6+ Kxg6 37. Rxh7 Kxh7 38. gxh4 1-0

[Event "DEM U14w 2006"]
[Site "Willingen GER"]
[Date "2006.06.06"]
[Round "4"]
[White "Nguyen Minh, Thuy"]
[Black "Micklich, Rahel"]
[Result "1-0"]
[Termination "normal"]
[Board "11"]
[WhiteElo "1527"]
[BlackElo "1785"]
[PlyCount "110"]
[WhiteFideId "24672688"]
[BlackFideId "24639184"]
[EventCountry "GER"]
[EventRounds "9"]
[EventType "swiss"]
[EventDate "2006.06.03"]

1. e4 c5 2. Nf3 d6 3. d4 cxd4 4. Nxd4 Nf6 5. Nc3 a6 6. Be3 e6 7. Bc4 Be7 8. f3
b5 9. Bb3 Qc7 10. O-O Nc6 11. Qd2 O-O 12. Rad1 Nxd4 13. Bxd4 Rd8 14. Qf2 Qc6
15. Rd2 Nd7 16. Rfd1 Bf6 17. Bxf6 Nxf6 18. Kh1 Bb7 19. e5 Ne8 20. Qg3 d5 21.
Ne4 Qc7 22. Ng5 h6 23. Nh3 a5 24. c3 b4 25. cxb4 axb4 26. Rd4 Qc5 27. Qf4 Ba6
28. Rxb4 Bc4 29. Rb7 Nc7 30. Qd4 Qxd4 31. Rxd4 Bxb3 32. a3 Rdc8 33. Rxb3 Rab8
34. Rdb4 Na6 35. Rxb8 Rxb8 36. Rxb8+ Nxb8 37. Kg1 Kf8 38. b4 Nc6 39. f4 Ke7 40.
b5 Nd4 41. a4 Kd7 42. Kf2 Kc7 43. Ke3 Nf5+ 44. Kd3 Kb6 45. g4 Ne7 46. Kc3 Ka5
47. Kb3 Nc8 48. f5 g5 49. fxg6 fxg6 50. Nf4 Nb6 51. Nxe6 Nc4 52. Nc7 Nxe5 53.
Nxd5 Nxg4 54. h3 Ne5 55. Ne3 Nc6 1-0

[Event "DEM U14w 2006"]
[Site "Willingen GER"]
[Date "2006.06.06"]
[Round "4"]
[White "Kinzel, Tiffany"]
[Black "Sonnhalter, Stella"]
[Result "1-0"]
[Termination "normal"]
[Board "12"]
[WhiteElo "1385"]
[BlackElo "1511"]
[PlyCount "89"]
[WhiteFideId "4633741"]
[BlackFideId "4624815"]
[EventCountry "GER"]
[EventRounds "9"]
[EventType "swiss"]
[EventDate "2006.06.03"]

1. Nc3 c5 2. e4 Nc6 3. f4 g6 4. g3 Bg7 5. Bg2 e6 6. d3 Nge7 7. Nf3 O-O 8. O-O
d5 9. e5 a6 10. Ne2 b5 11. Be3 d4 12. Bf2 Qb6 13. c3 dxc3 14. bxc3 Nd5 15. c4
bxc4 16. dxc4 Nde7 17. Qd6 Qb2 18. Rfe1 Rd8 19. Qxc5 Bd7 20. Nfd4 Rac8 21. Nxc6
Nxc6 22. Qe3 Qc2 23. Qb3 Qd2 24. Rad1 Qa5 25. Bb6 Qb4 26. Bxd8 Qc5+ 27. Kf1
Rxd8 28. Qc3 Ne7 29. Rd3 Nc8 30. Red1 Nb6 31. Qd4 Rc8 32. Qxc5 Rxc5 33. Rxd7
Nxd7 34. Rxd7 Rxc4 35. Ra7 Ra4 36. Nc1 Rc4 37. Nd3 Ra4 38. Nc5 Rxa2 39. Rxa6
Rc2 40. Ra8+ Bf8 41. Nd7 Rc1+ 42. Kf2 Rc2+ 43. Kf3 Rc3+ 44. Kg4 h5+ 45. Kh3 1-0

[Event "DEM U14w 2006"]
[Site "Willingen GER"]
[Date "2006.06.06"]
[Round "4"]
[White "Rummer, Bärbel"]
[Black "Schöbel, Ulrike"]
[Result "1-0"]
[Termination "normal"]
[Board "13"]
[WhiteElo "1312"]
[BlackElo "1064"]
[PlyCount "49"]
[WhiteFideId "12900109"]
[EventCountry "GER"]
[EventRounds "9"]
[EventType "swiss"]
[EventDate "2006.06.03"]

1. e4 e5 2. Bc4 Nc6 3. c3 Nf6 4. d3 Be7 5. Nf3 O-O 6. Nbd2 d5 7. exd5 Nxd5 8.
O-O a6 9. Bb3 Bf5 10. Re1 Bf6 11. Ne4 Nf4 12. Bxf4 exf4 13. Qd2 Bxe4 14. Rxe4
g5 15. h4 h6 16. g3 fxg3 17. fxg3 Re8 18. Rxe8+ Qxe8 19. hxg5 hxg5 20. Nxg5 Qe5
21. Ne4 Rd8 22. Qf2 Kg7 23. Rf1 Be7 24. Qxf7+ Kh8 25. Rf5 1-0